000 00734nam a2200265Ia 4500
005 20260121165629.0
008 008 260114s9999 xx 000 0 eng d
020 _a9783319462097
037 _aEBOOK
040 _aCRL
040 _beng
040 _cCRL
041 _2eng
041 _aeng
084 _qCRL
100 _aArnaud Beauville, Brendan Hassett, Alexander Kuznetsov, Alessandro Verra, Rita Pardini, Gian Pietro Pirola
_91054115
245 0 _aRationality Problems in Algebraic Geometry
260 _bSpringer
260 _bSpringer
260 _c2016
856 _uhttps://link.springer.com/openurl?genre=book&isbn=978-3-319-46209-7
942 _cEBOOK
999 _c1619841
_d1619841